000 00350nam a22001457a 4500
003 OSt
008 250509b |||||||| |||| 00| 0 eng d
100 _aUPADAYA, Pandit Ganga Parsadh
245 _aHum Kya Khaye Ghas Ya Mass
250 _a22th
260 _aNew Delhi
_bArya Prakashan
_c2022
300 _a268
650 _aGeneral
942 _2ddc
_cBK
999 _c13570
_d13570